| Tag |
First Indicator |
Second Indicator |
Subfields |
| LEADER |
00000cam a2200000 4500 |
| 001 |
in00000054690 |
| 005 |
20151008052102.0 |
| 008 |
750313s1961 nyu 00000 eng u |
| 010 |
|
|
|a 61008337
|
| 035 |
|
|
|a (OCoLC)01214263
|
| 035 |
|
|
|9 AAH1598AM
|
| 040 |
|
|
|c CPL
|d TXA
|d UtOrBLW
|
| 049 |
|
|
|a TXAS [mil]
|
| 050 |
0 |
0 |
|a UG573
|b .A86 1961
|
| 082 |
0 |
|
|a 358.240973
|
| 092 |
|
|
|a 358.2409
|b A741h
|
| 110 |
2 |
|
|a Army Times Publishing Company.
|
| 245 |
1 |
2 |
|a A history of the U.S. Signal Corps /
|c by the editors of the Army times.
|
| 246 |
1 |
8 |
|a History of the United States Signal Corps
|
| 264 |
|
1 |
|a New York :
|b Putnam,
|c [1961]
|
| 264 |
|
4 |
|c ©1961
|
| 300 |
|
|
|a 192 pages :
|b illustrations ;
|c 26 cm.
|
| 336 |
|
|
|a text
|b txt
|2 rdacontent
|
| 337 |
|
|
|a unmediated
|b n
|2 rdamedia
|
| 338 |
|
|
|a volume
|b nc
|2 rdacarrier
|
| 504 |
|
|
|a Bibliography: pages 191-192.
|
| 610 |
1 |
0 |
|a United States.
|b Army.
|b Signal Corps
|x History.
|
| 999 |
|
|
|a MARS
|
| 999 |
f |
f |
|s 7ee70799-3816-3588-9630-8566da43848d
|i c8517c5c-8e1e-3889-ab91-1801c3113ac7
|t 0
|
| 952 |
f |
f |
|p ric
|a Texas A&M University
|b Rellis Campus
|c Joint Library Facility
|d Remote Storage
|t 0
|e UG573 .A86 1961
|h Library of Congress classification
|i unmediated -- volume
|m A14827437966
|
| 952 |
f |
f |
|p noncirc
|a Texas A&M University
|b College Station
|c Cushing Memorial Library & Archives
|d Cushing: Ragan Military (Does not check out)
|t 0
|e UG573 .A86 1961
|h Library of Congress classification
|i unmediated -- volume
|
| 998 |
f |
f |
|a UG573 .A86 1961
|t 0
|l Remote Storage
|
| 998 |
f |
f |
|a UG573 .A86 1961
|t 0
|l Cushing: Ragan Military (Does not check out)
|